Statistiques concernant Pokémon Gigamax

Cliquez ici pour prendre le quiz!

Statistiques générales

  • Ce quiz a été pris 6 fois
    (3 depuis la dernière actualisation)
  • Le résultat moyen est 19 sur 25

Statistiques - réponses

Type Réponse % Correct
#133 (Gigamax)Evoli Gigamax
100%
#143 (Gigamax)Ronflex Gigamax
100%
#006 (GigamaxDracaufeu Gigamax
100%
#839 (Gigamax)Monthracite Gigamax
100%
#099 (Gigamax)Krabboss Gigamax
100%
#131 (Gigamax)Lokhlass Gigamax
100%
#012 (Gigamax)Papilusion Gigamax
100%
#025 (Gigamax)Pikachu Gigamax
100%
#094 (Gigamax)Ectoplasma Gigamax
100%
#052 (Gigamax)Miaouss Gigamax
100%
#068 (Gigamax)Mackogneur Gigamax
100%
#851 (Gigamax)Scolocendre Gigamax
67%
#858 (Gigamax)Sorcilence Gigamax
67%
#869 (Gigamax)Charmilly Gigamax
67%
#844 (Gigamax)Dunaconda Gigamax
67%
#861 (Gigamax)Angoliath Gigamax
67%
#569 (Gigamax)Miasmax Gigamax
67%
#879 (Gigamax)Pachyradjah Gigamax
67%
#823 (Gigamax)Corvaillus Gigamax
67%
#834 (Gigamax)Torgamord Gigamax
67%
#890 (Gigamax)Ethernatos Infinimax
67%
#884 (Gigamax)Duralugon Gigamax
67%
#826 (Gigamax)Astronelle Gigamax
33%
#841 (Gigamax)Pomdrapi Gigamax
33%
#842 (Gigamax)Dratatin Gigamax
33%

Distribution des résultats

Percentile by Number Answered

% des personnes avec chaque résultat

Votre développement - résultats

Vous n’avez pas pris ce quiz depuis la dernière actualisation